000
00344 a2200157 4500
001
72000
020
_a
8508043066
040
_c
Anchieta - Colégio São Paulo
100
_a
Ragache, Claude-Catherine
240
1
0
_a
A cavalaria
_l
por
245
1
0
_a
A cavalaria
300
_a
47
362
0
_a
1993
650
4
_a
Literatura juvenil
942
_c
BK
999
_c
72000
_d
72000